Fr. Conceicao Rodrigues College of Engineering

Introduction to circuit analysis and design (Record no. 24059)

MARC details
000 -LEADER
fixed length control field 00339nam a2200145Ia 4500
082 ## - DEWEY DECIMAL CLASSIFICATION NUMBER
Classification number 621.3815
Item number GLI
100 ## - MAIN ENTRY--PERSONAL NAME
Personal name Glisson/Tildon/ Jr
245 ## - TITLE STATEMENT
Title Introduction to circuit analysis and design
260 ## - PUBLICATION, DISTRIBUTION, ETC.
Name of publisher, distributor, etc. Springer
Date of publication, distribution, etc. 2011
366 ## - TRADE AVAILABILITY INFORMATION
Publishers's discount category 25
300 ## - PHYSICAL DESCRIPTION
Extent 768
546 ## - LANGUAGE NOTE
Language note ENGLISH
-- PAMPHALETS
654 ## - SUBJECT ADDED ENTRY--FACETED TOPICAL TERMS
Focus term circuit analysis
942 ## - ADDED ENTRY ELEMENTS (KOHA)
Koha item type Reference Book
Holdings
Withdrawn status Lost status Damaged status Not for loan Collection Home library Current library Date acquired Source of acquisition Cost, normal purchase price Inventory number Total Checkouts Full call number Barcode Date last seen Cost, replacement price Price effective from Koha item type
        CRC Fr. Agnel's C.Rodrigues College of Engineering Fr. Agnel's C.Rodrigues College of Engineering 17/03/2023 Allied Publishers 4569.14 2820 dt 19/02/2013   621.3815 GLI 22564 17/03/2023 6092.19   Reference Book